Platenie poistného na sociálne a zdravotné poistenie do verejnoprávnych fondov od 1. 1. 2017

Stručný prehľad zmien platných v roku 2017.

Gespeichert in:
Bibliographische Detailangaben
1. Verfasser: Macková, Zuzana
Format: Buchkapitel
Sprache:Slowakisch
Schlagworte:
Tags: Tag hinzufügen
Keine Tags, Fügen Sie das erste Tag hinzu!

MARC

LEADER 00000naa a2200000 4500
001 0227434
005 20221104110845.9
041 0 |a slo 
044 |a SK 
245 1 0 |a Platenie poistného na sociálne a zdravotné poistenie do verejnoprávnych fondov od 1. 1. 2017  |c Zuzana Macková 
520 |a Stručný prehľad zmien platných v roku 2017. 
610 2 0 |a poistenie sociálne 
610 2 0 |a poistenie zdravotné 
610 2 0 |a fondy verejné 
610 2 0 |a odvody 
610 2 0 |a sadzby daňové 
100 1 |a Macková, Zuzana